00676nam a2200181Ia 4500008004100000020001800041041000800059082001600067100002700083245005600110260001700166300000800183365001600191700002700207906005500234999001900289952018600308230718s9999 xx 000 0 und d a9788126522194 aeng a610.28bRAN aRangayyan R.M.9127095 aBiomedical Signal Analysis bA Case-Study Approach  c2014bWiley  a516 cRs.b629.00 aRangayyan R.M.9127095 dO:0504504-Apr-2016B:IN 5801-Apr-2016cETC b1761.2 c341897d341897 00104070aCCEPbCCEPd2016-04-04ePradeep Book DistributorsfETC g452.88iIN 58l2o610.28pCCEP-BK-53104r2025-12-16 09:35:21s2025-11-12t1761.2v629.00w2016-04-01yBKz053104